La investigación educativa en México 1996-1997 : una antología de las ponencias.

שמור ב:
מידע ביבליוגרפי
Autores corporativos: Congreso Nacional de Investigación Educativa Mérida, Yucatán, México. Presidencia de la República Secretaría de Educación Pública, Universidad Autónoma de Yucatán (UADY), Consejo Mexicano de Investigación Educativa (COMIE)
פורמט: Procedimiento de la conferencia ספר
שפה:ספרדית
נושאים:
תגים: הוספת תג
אין תגיות, היה/י הראשונ/ה לתייג את הרשומה!

MARC

LEADER 00000cam^a2200000uu^4500
001 000463701
005 20250618000000.0
008 050901s1997^^^^^^^^^^^^rd^r^1000^0^spa^d
009 20260526145846.687
035 |a FCE 000006252 
035 |a FCE 024262 
037 |a Acervo ITESO - Biblioteca 
041 |a spa 
082 0 4 |a 370.78060  |b CONi 
111 |a Congreso Nacional de Investigación Educativa  |c Mérida, Yucatán)  |d 29-31 oct. 1997 :  |n (4 : 
245 1 3 |a La investigación educativa en México 1996-1997 :  |b una antología de las ponencias. 
264 |a Mérida, México :  |b COMIE : UADY : SEP,  |c 1997. 
300 |a 469 p. 
336 |a texto  |b txt  |2 rdacontenido 
337 |a sin mediación  |b n  |2 rdamedio 
338 |a volumen  |b nc  |2 rdasoporte 
611 2 4 |a Congreso 
649 |a XX 
650 |a Sistema educativo 
650 |a Historia 
650 |a Economía 
650 |a Didáctica 
650 |a Cultura 
650 |a Sociología 
650 |a Currículo 
650 |a Filosofía 
650 |a Investigación 
650 |a Proceso de aprendizaje 
650 |a Alumno 
650 |a Formación de docentes 
650 |a Investigación educativa 
650 |a Instituciones educativas 
650 |a Políticas de educación 
710 |a México. Presidencia de la República  |b Secretaría de Educación Pública 
710 |a Universidad Autónoma de Yucatán (UADY) 
710 |a Consejo Mexicano de Investigación Educativa (COMIE) 
910 |a Fondo Centro de Estudios Educativos 
920 |a Impresos - Libros 
930 |a Fondos Especiales 
905 |a 133 
901 |a ALE024262  |b IT2  |c CEE  |u 20250521 
901 |a ALE044072  |b IT2  |c CEE  |u 20250521 
901 |a ALE044073  |b IT2  |c CEE  |u 20250521 
902 |a https://opac.biblio.iteso.mx/vufind/Record/000463701